Checoslovaquia y el Cono Sur 1945-1989 : (Record no. 161421)
[ view plain ]
| 000 -LEADER | |
|---|---|
| fixed length control field | 00922nam a22002177a 4500 |
| 005 - DATE AND TIME OF LATEST TRANSACTION | |
| control field | 20220330130458.0 |
| 008 - FIXED-LENGTH DATA ELEMENTS--GENERAL INFORMATION | |
| fixed length control field | 220330b xr ||||| |||| 00| 0 spa d |
| 020 ## - INTERNATIONAL STANDARD BOOK NUMBER | |
| International Standard Book Number | 9788024627304 |
| 050 04 - LIBRARY OF CONGRESS CALL NUMBER | |
| Classification number | F2232 |
| Item number | Z68 2014 |
| 100 1# - MAIN ENTRY--PERSONAL NAME | |
| Personal name | Zourek, Michal, |
| Relator term | autor. |
| 245 10 - TITLE STATEMENT | |
| Title | Checoslovaquia y el Cono Sur 1945-1989 : |
| Remainder of title | relaciones políticas, económicas y culturales durante la Guerra Fría / |
| Statement of responsibility, etc | Michal Zourek |
| 260 ## - PUBLICATION, DISTRIBUTION, ETC. (IMPRINT) | |
| Place of publication, distribution, etc | Praha, Republica Checa : |
| Name of publisher, distributor, etc | Universidad Carolina de Praga ; Editorial Karolinum, |
| Date of publication, distribution, etc | 2014 |
| 300 ## - PHYSICAL DESCRIPTION | |
| Extent | 338 páginas : |
| Other physical details | ilustraciones ; |
| Dimensions | 23 cm |
| 490 ## - SERIES STATEMENT | |
| Series statement | Ibero-Americana Pragensia. Supplementum ; |
| Volume number/sequential designation | 39 |
| 651 #7 - SUBJECT ADDED ENTRY--GEOGRAPHIC NAME | |
| Source of heading or term | lemb |
| Geographic name | América del Sur |
| General subdivision | Relaciones exteriores |
| 651 #7 - SUBJECT ADDED ENTRY--GEOGRAPHIC NAME | |
| Source of heading or term | lemb |
| Geographic name | Checoslovaquia |
| General subdivision | Relaciones exteriores |
| 651 #7 - SUBJECT ADDED ENTRY--GEOGRAPHIC NAME | |
| Source of heading or term | lemb |
| Geographic name | Chile |
| General subdivision | Política cultural |
| 651 #7 - SUBJECT ADDED ENTRY--GEOGRAPHIC NAME | |
| Source of heading or term | lemb |
| Geographic name | Argentina |
| General subdivision | Política cultural |
| 651 #7 - SUBJECT ADDED ENTRY--GEOGRAPHIC NAME | |
| Source of heading or term | lemb |
| Geographic name | Checoslovaquia |
| General subdivision | Política cultural |
| 942 ## - ADDED ENTRY ELEMENTS (KOHA) | |
| Source of classification or shelving scheme | Biblioteca del Cogreso de los Estados Unidos |
| Koha item type | Libro |
| Estado de pérdida | Fuente de clasificación | Estado del daño | No para préstamo | Ubicación permanente | Ubicación actual | Apartado o colección | Fecha de adquisición | Fuente de adquisición | Edición | Dependencia de educación superior (DES) | Área del conocimiento | Total Checkouts | Clasificación | Código de Barras | Date last seen | Número de copia | Costo por reposición | Tipo de recurso |
|---|---|---|---|---|---|---|---|---|---|---|---|---|---|---|---|---|---|---|
| Biblioteca del Cogreso de los Estados Unidos | Biblioteca del Instituto de Investigaciones Históricas | Biblioteca del Instituto de Investigaciones Históricas | General | 30/03/2022 | Donación | 1a ed. | Humanidades | Ciencias Sociales y Administrativas | F2232 Z68 2014 | IIH000032694 | 30/03/2022 | C:1 | 1.00 | Libro |